000
00317nam a2200145Ia 4500
100
_a
Pollack/S.V
942
_c
BK
654
_a
Turbo Pascal
245
_a
Effective programming in Turbo Pascal
260
_b
Brooks
_a
California
_c
1991
082
_a
1.6424
_b
POL
300
_a
756
546
_a
ENGLISH
999
_c
29089
_d
29089